000 004510000a22001810004500
003 MACL
005 20151230170320.0
008 151230b xxu||||| |||| 00| 0 eng d
040 _aMACL
_cMACL
041 _aEnglish
082 _a294/SRE
100 _aSreeram, lala
_925280
245 _aThe Metaphysics of The Upanishads
260 _bAsian Publishers
_c1979
_aNew Delhi
350 _a100
650 _aReligion
_925281
942 _cBK
_k294/Sre
_2ddc
999 _c34049
_d34049